000 00474nam a2200169 a 4500
001 0000-8596
003 ELIB.Books
008 110520 1986
035 _a(ELIB.Books)0000-8742
082 _aR
_bChi
100 _aChildress, James F.
245 _aThe Westminster Dictionary of Christian Ethics
260 _bPhiladelphia: The Westminster Press
_c1986
650 _aDictionary of Christian Ethics
942 _2ddc
_cBK
998 _cbat
_e2011-05-20
999 _c8596
_d8596